New York backs UK codes (Record no. 72212)

MARC details
000 -LEADER
fixed length control field 00941cam a2200217 4500
001 - CONTROL NUMBER
control field WB3909-04
008 - FIXED-LENGTH DATA ELEMENTS--GENERAL INFORMATION
fixed length control field 030304n2003 000 0 eng u
035 ## - SYSTEM CONTROL NUMBER
System control number (Sirsi) u121507
245 ## - TITLE STATEMENT
Title New York backs UK codes
260 ## - PUBLICATION, DISTRIBUTION, ETC.
Date of publication, distribution, etc. 2003
490 ## - SERIES STATEMENT
Series statement New Civil Engineer
Volume/sequential designation (1476) 27 February 2003, 5(1)
520 ## - SUMMARY, ETC.
Summary, etc. UK Building Regulations could be adopted by New York structural engineers following on from recommendations made in a new report for the New York City Department of Buildings into the World Trade Center collapse. The report highlights the need for greater robustness and resistance to progressive collapse which are already part of UK design codes but lacking in current US design philosophy.
590 ## - LOCAL NOTE (RLIN)
Local note WB
650 ## - SUBJECT ADDED ENTRY--TOPICAL TERM
Topical term or geographic name entry element STRUCTURAL ENGINEERING
650 ## - SUBJECT ADDED ENTRY--TOPICAL TERM
Topical term or geographic name entry element BUILDING REGULATIONS
9 (RLIN) 6224
650 ## - SUBJECT ADDED ENTRY--TOPICAL TERM
Topical term or geographic name entry element UNITED STATES
650 ## - SUBJECT ADDED ENTRY--TOPICAL TERM
Topical term or geographic name entry element WORLD TRADE CENTER
650 ## - SUBJECT ADDED ENTRY--TOPICAL TERM
Topical term or geographic name entry element NEW YORK
690 ## - LOCAL SUBJECT ADDED ENTRY--TOPICAL TERM (OCLC, RLIN)
Topical term or geographic name as entry element BUILT ENVIRONMENT
942 ## - ADDED ENTRY ELEMENTS (KOHA)
Suppress in OPAC 0
Holdings
Withdrawn status Lost status Source of classification or shelving scheme Damaged status Not for loan Home library Current library Shelving location Date acquired Total Checkouts Full call number Barcode Date last seen Copy number Price effective from Koha item type
    Dewey Decimal Classification     London London News article 04/03/2003   WB3909-04 121507-1001 06/08/2019 1 06/08/2019 News article